000
00296nam a2200121Ia 4500
008
240624s9999 xx 000 0 und d
041
_a
eng
082
_a
658.87 BIY
100
_a
KISHORE BIYANI
245
_a
IT HAPPENED IN INDIA
260
_c
2007
_a
New Delhi
_b
Rupa and Company
365
_c
RS
_b
30
999
_c
25302
_d
25302